Derating and Rating Appeals (Record no. 119099)

MARC details
000 -LEADER
fixed length control field 00541cas a22001935a 4500
001 - CONTROL NUMBER
control field L139650
008 - FIXED-LENGTH DATA ELEMENTS--GENERAL INFORMATION
fixed length control field 070802d19311961xxkar p 0 a0eng u
035 ## - SYSTEM CONTROL NUMBER
System control number (Sirsi) u139650
041 0# - LANGUAGE CODE
Language code of text/sound track or separate title eng
240 1# - UNIFORM TITLE
Uniform title English De-Rating Appeals
245 00 - TITLE STATEMENT
Title Derating and Rating Appeals
260 ## - PUBLICATION, DISTRIBUTION, ETC.
Place of publication, distribution, etc. London
Name of publisher, distributor, etc. Rating and Income Tax
Date of publication, distribution, etc. 1931-1961
362 0# - DATES OF PUBLICATION AND/OR SEQUENTIAL DESIGNATION
Dates of publication and/or sequential designation London: 1930-32 1961
362 0# - DATES OF PUBLICATION AND/OR SEQUENTIAL DESIGNATION
Dates of publication and/or sequential designation Edinburgh: 1930-1956
554 ## -
-- One per year
651 #4 - SUBJECT ADDED ENTRY--GEOGRAPHIC NAME
Geographic name Great Britain
Chronological subdivision 1707-
690 ## - LOCAL SUBJECT ADDED ENTRY--TOPICAL TERM (OCLC, RLIN)
Topical term or geographic name as entry element PROPERTY-PROPERTY APPRAISAL AND VALUATION
942 ## - ADDED ENTRY ELEMENTS (KOHA)
Suppress in OPAC 0
Holdings
Withdrawn status Lost status Source of classification or shelving scheme Damaged status Not for loan Home library Current library Shelving location Date acquired Total Checkouts Full call number Barcode Date last seen Copy number Price effective from Koha item type
    Dewey Decimal Classification     London London Basement 02/08/2007   DERATING AND RATING APPEALS 139650-1001 06/08/2019 1 06/08/2019 Law report